000 00623cam a2200181 4500500
005 20260405004011.0
041 _afre
042 _adc
100 1 0 _aLévy, Jacques
_eauthor
700 1 0 _aEnjalbert, Cédric
_eauthor
245 0 0 _aJacques Lévy : “La cartographie doit penser la complexité, mais aussi simplement que possible”
260 _c2026.
500 _a38
690 _aCartes
690 _aGéographie
786 0 _nPhilosophie magazine | 197 | 2 | 2026-02-01 | p. 76-78 | 1951-1787
856 4 1 _uhttps://shs.cairn.info/magazine-philosophie-magazine-2026-2-page-76?lang=fr&redirect-ssocas=7080
999 _c2072783
_d2072782